Multinational financial management (Record no. 68290)

000 -LEADER
fixed length control field 00492nam a22001817a 4500
003 - CONTROL NUMBER IDENTIFIER
control field NUST - PNEC
005 - DATE AND TIME OF LATEST TRANSACTION
control field 20170116181048.0
008 - FIXED-LENGTH DATA ELEMENTS--GENERAL INFORMATION
fixed length control field 150928b xxu||||| |||| 00| 0 eng d
020 ## - INTERNATIONAL STANDARD BOOK NUMBER
International Standard Book Number 9788126516056
040 ## - CATALOGING SOURCE
Transcribing agency LIBRARY
082 ## - DEWEY DECIMAL CLASSIFICATION NUMBER
Classification number 658.1599 SHA
100 ## - MAIN ENTRY--PERSONAL NAME
9 (RLIN) 11770
Personal name Shapiro, Alan C
245 ## - TITLE STATEMENT
Title Multinational financial management
Statement of responsibility, etc. Alan C Shapiro
250 ## - EDITION STATEMENT
Edition statement 8th ed.
260 ## - PUBLICATION, DISTRIBUTION, ETC.
Date of publication, distribution, etc. c 2006
650 ## - SUBJECT ADDED ENTRY--TOPICAL TERM
9 (RLIN) 11771
Topical term or geographic name entry element International business enterprises--Finance
General subdivision MIS
942 ## - ADDED ENTRY ELEMENTS (KOHA)
Source of classification or shelving scheme
Koha item type Book
Holdings
Withdrawn status Lost status Source of classification or shelving scheme Damaged status Not for loan Permanent Location Current Location Shelving location Date acquired Total Checkouts Full call number Barcode Date last seen Price effective from Koha item type
          Pakistan Navy Engineering College (PNEC) Pakistan Navy Engineering College (PNEC)       658.1599 SHA PNECLIB-029822 09/28/2015   Book
© 2023 Central Library, National University of Sciences and Technology. All Rights Reserved.